Normal view MARC view

Entry Personal Name

Number of records used in: 1

001 - CONTROL NUMBER

  • control field: 1136305

003 - CONTROL NUMBER IDENTIFIER

  • control field: OSt

005 - DATE AND TIME OF LATEST TRANSACTION

  • control field: 20260320201921.0

008 - FIXED-LENGTH DATA ELEMENTS

  • fixed length control field: 260320|| aca||aabn | a|a d

040 ## - CATALOGING SOURCE

  • Original cataloging agency: OSt
  • Transcribing agency: OSt

100 ## - HEADING--PERSONAL NAME

  • Personal name: Darr

670 ## - SOURCE DATA FOUND

  • Source citation: Work cat.: (OSt)1724271: Darr, Microsoft Information Protection Administrator SC-400 Certification Guide: Advance your Microsoft Security & Compliance services knowledge and pass the SC-400 exam with confidence
Copyright @ Delhi University Library System